Filozofický časopis

Uložené v:
Podrobná bibliografia
Médium: Seriál
Jazyk:Slovak
Vydavateľské údaje: Bratislava Slovenská akadémia vied
Tagy: Pridať tag
Žiadne tagy, Buďte prvý, kto otaguje tento záznam!

MARC

LEADER 00000nas1a2200000 4500
001 0010968
005 20251030081116.6
041 0 |a slo 
044 |a SK 
245 1 0 |a Filozofický časopis 
264 1 |a Bratislava  |b Slovenská akadémia vied